The intelligent investor : (Record no. 1571)

000 -LEADER
fixed length control field 01129nam a22003497a 4500
001 - CONTROL NUMBER
control field 499614
003 - CONTROL NUMBER IDENTIFIER
control field OSt
005 - DATE AND TIME OF LATEST TRANSACTION
control field 20210423062344.0
008 - FIXED-LENGTH DATA ELEMENTS--GENERAL INFORMATION
fixed length control field 850619t19851973nyu b 001 0 eng
010 ## - LIBRARY OF CONGRESS CONTROL NUMBER
LC control number 85045418
020 ## - INTERNATIONAL STANDARD BOOK NUMBER
International Standard Book Number 0060155477
040 ## - CATALOGING SOURCE
Original cataloging agency DLC
Transcribing agency DLC
Modifying agency DLC
Language of cataloging eng
041 ## - LANGUAGE CODE
Language code of text/sound track or separate title eng
050 00 - LIBRARY OF CONGRESS CALL NUMBER
Classification number HG4521
Item number .G665 1985
080 ## - UNIVERSAL DECIMAL CLASSIFICATION NUMBER
Universal Decimal Classification number 65
Item number G-71
082 00 - DEWEY DECIMAL CLASSIFICATION NUMBER
Classification number 332.6/78
Edition number 19
100 1# - MAIN ENTRY--PERSONAL NAME
Personal name Graham, Benjamin,
Dates associated with a name 1894-1976.
245 14 - TITLE STATEMENT
Title The intelligent investor :
Remainder of title a book of practical counsel /
Statement of responsibility, etc. / by: Harper Business
250 ## - EDITION STATEMENT
Edition statement 4th revised edition with a new pref. and appendix /
Remainder of edition statement by Warren E. Buffett.
260 ## - PUBLICATION, DISTRIBUTION, ETC.
Place of publication, distribution, etc. New York, N.Y. :
Name of publisher, distributor, etc. Harper Business
Date of publication, distribution, etc. [1985], c1973.
300 ## - PHYSICAL DESCRIPTION
Extent xviii, 340 p. ill.
Dimensions 22 cm.
365 ## - TRADE PRICE
Price amount 18.75 usd
504 ## - BIBLIOGRAPHY, ETC. NOTE
Bibliography, etc. note Includes bibliographical references and index.
650 #0 - SUBJECT ADDED ENTRY--TOPICAL TERM
Topical term or geographic name entry element Securities.
650 #0 - SUBJECT ADDED ENTRY--TOPICAL TERM
Topical term or geographic name entry element Business
9 (RLIN) 323
650 #0 - SUBJECT ADDED ENTRY--TOPICAL TERM
Topical term or geographic name entry element Investments.
653 ## - INDEX TERM--UNCONTROLLED
Uncontrolled term ბიზნესი
856 42 - ELECTRONIC LOCATION AND ACCESS
Materials specified Publisher description
Uniform Resource Identifier <a href="http://www.loc.gov/catdir/description/hc042/85045418.html">http://www.loc.gov/catdir/description/hc042/85045418.html</a>
906 ## - LOCAL DATA ELEMENT F, LDF (RLIN)
a 7
b cbc
c orignew
d 2
e ocip
f 19
g y-gencatlg
942 ## - ADDED ENTRY ELEMENTS (KOHA)
Source of classification or shelving scheme
Koha item type Books
Edition 4
Holdings
Withdrawn status Lost status Source of classification or shelving scheme Damaged status Not for loan Permanent location Current location Date acquired Inventory number Total Checkouts Full call number Barcode Date last seen Date last checked out Price effective from Koha item type
          Ken Walker International University Ken Walker International University 02/19/2021 1346 1 65 G-71 1346 04/03/2023 03/23/2023 02/19/2021 Books

Powered by Koha